00614nam a2200205Ia 450000500170000000800410001704000190005804100120007708200160008910000150010524500520012026000510017230000120022350400190023565000200025485000100027494200070028499900170029195201000030820210818132915.0131103s9999 xx 000 0 und d aLoreto College aEnglish a954.04bTHA aTharyan,P. aIndia the critical decay after NehrucP.Tharyan aNew DelhibSterling Publishers Pvt. Ltd.c1974 a212 p.  aIncludes index aIndia - History aLCLIB cBK c10051d60530 00102ddc4070aMAINbMAINd2013-11-04l0o954.04 THA 22199pB9929r2013-11-04w2013-11-04yBK